Vedecká rozprava k téme "Súčasné trendy v obchode a v spotrebe" zborník k vedeckému projektu VEGA 1/3760/06 v redakcii Kristíny Viestovej

Guardado en:
Detalles Bibliográficos
Autor Corporativo: Obchodná fakulta EU. Katedra marketingu
Formato: Libro
Lenguaje:eslovaco
checo
inglés
Publicado: Bratislava [Katedra marketingu OBF EU] 2007
Materias:
Etiquetas: Agregar Etiqueta
Sin Etiquetas, Sea el primero en etiquetar este registro!

MARC

LEADER 00000nam$a2200000$$$4500
001 0067310
005 20240611105713.6
020 |a 978-80-225-2414-8 
041 0 |a slo 
041 0 |a cze 
041 0 |a eng 
044 |a SK 
245 1 0 |a Vedecká rozprava k téme "Súčasné trendy v obchode a v spotrebe"  |b zborník k vedeckému projektu VEGA 1/3760/06 v redakcii Kristíny Viestovej 
264 1 |a Bratislava  |b [Katedra marketingu OBF EU]  |c 2007 
300 |a 232 s. 
610 2 0 |a obchod 
610 2 0 |a spotreba 
610 2 0 |a Európska únia 
610 2 0 |a mena 
610 2 0 |a spotrebitelia 
610 2 0 |a trh 
610 2 0 |a Slovensko 
610 2 0 |a marketing 
710 2 |a Obchodná fakulta EU. Katedra marketingu